| 000 | 00897cab a2200217 4500 | ||
|---|---|---|---|
| 001 | ABS52513 | ||
| 008 | 090401t1995 xxu||||| |||| 00| 0 eng d | ||
| 035 | _a(Sirsi) u82801 | ||
| 041 | _aeng | ||
| 100 | _aHolmans, A. | ||
| 245 | _aWhere have all the first-time buyers gone?: estimating the first-time buyer population in the United Kingdom | ||
| 260 | _c1995 | ||
| 350 | _a0 | ||
| 490 |
_aHousing Finance _v(25) February 1995, 7-13(7) |
||
| 520 | _aAddresses questions of interpreting the first-time buyer demand for houses which is widely seen to be below `normal` and a result of purchase postponement. Sets the present low demand in its historical and demographic contexts and attempts to analyse and explain. | ||
| 650 | _aFIRST-TIME BUYERS | ||
| 650 | _aHOUSING MARKET | ||
| 690 | _aPROPERTY-RESIDENTIAL PROPERTY-RESIDENTIAL PROPERTY MARKET | ||
| 942 | _n0 | ||
| 948 | _c04/03/1997 | ||
| 999 |
_c52299 _d52299 |
||